Dreizehn Geschichten von Schätzen und ihren Hütern / (Record no. 118661)

MARC details
000 -LEADER
fixed length control field 00627nam a22001937a 4500
005 - DATE AND TIME OF LATEST TRANSACTION
control field 20160801101349.0
008 - FIXED-LENGTH DATA ELEMENTS--GENERAL INFORMATION
fixed length control field 160801b gw||||| |||| 00| 0 ger d
020 ## - INTERNATIONAL STANDARD BOOK NUMBER
International Standard Book Number 3570261247
050 04 - LIBRARY OF CONGRESS CALL NUMBER
Classification number PT134.B65
Item number P74 2001
100 1# - MAIN ENTRY--PERSONAL NAME
Personal name Preussler, Otfried
Relator term aut.
245 10 - TITLE STATEMENT
Title Dreizehn Geschichten von Schätzen und ihren Hütern /
Statement of responsibility, etc Otfried Preussler
260 ## - PUBLICATION, DISTRIBUTION, ETC. (IMPRINT)
Place of publication, distribution, etc Múnich, Alemania :
Name of publisher, distributor, etc Omnibus- Thienemann Taschenbuch,
Date of publication, distribution, etc 2001
300 ## - PHYSICAL DESCRIPTION
Extent 89 p. :
Other physical details il. ;
Dimensions 18 cm.
490 ## - SERIES STATEMENT
Series statement Omnibus
Volume number/sequential designation 26124
504 ## - BIBLIOGRAPHY, ETC. NOTE
Bibliography, etc Incluye índice
650 #7 - SUBJECT ADDED ENTRY--TOPICAL TERM
Source of heading or term Lemb
Topical term or geographic name as entry element Libros de lectura
Form subdivision Alemán
700 1# - ADDED ENTRY--PERSONAL NAME
Personal name Lange, Dietrich
Relator term il.
942 ## - ADDED ENTRY ELEMENTS (KOHA)
Source of classification or shelving scheme Biblioteca del Cogreso de los Estados Unidos
Koha item type Libro

No items available.